<?xml version="1.0" encoding="UTF-8"?>
<record
    xmlns:xsi="http://www.w3.org/2001/XMLSchema-instance"
    xsi:schemaLocation="http://www.loc.gov/MARC21/slim http://www.loc.gov/standards/marcxml/schema/MARC21slim.xsd"
    xmlns="http://www.loc.gov/MARC21/slim">

  <leader>02370nam a22003737a 4500</leader>
  <controlfield tag="003">OSt</controlfield>
  <controlfield tag="005">20260506142505.0</controlfield>
  <controlfield tag="008">230301b        |||||||| |||| 00| 0 eng d</controlfield>
  <datafield tag="020" ind1=" " ind2=" ">
    <subfield code="a">9786210403794 (paperback)</subfield>
  </datafield>
  <datafield tag="040" ind1=" " ind2=" ">
    <subfield code="c">Foundation University</subfield>
    <subfield code="e">rda</subfield>
    <subfield code="b">English</subfield>
  </datafield>
  <datafield tag="041" ind1=" " ind2=" ">
    <subfield code="a">eng</subfield>
  </datafield>
  <datafield tag="050" ind1=" " ind2=" ">
    <subfield code="a">TX 911.3 .M27</subfield>
    <subfield code="b">.2020 C67</subfield>
  </datafield>
  <datafield tag="100" ind1=" " ind2=" ">
    <subfield code="a">Cornell, Daryl Ace V.</subfield>
    <subfield code="9">33556</subfield>
    <subfield code="e">author</subfield>
  </datafield>
  <datafield tag="245" ind1=" " ind2=" ">
    <subfield code="a">Quality service management in tourism and hospitality /</subfield>
    <subfield code="c">Daryl Ace V. Cornell, Ronald G. Manzano, Riel G. Cruz, coordinator.</subfield>
  </datafield>
  <datafield tag="250" ind1=" " ind2=" ">
    <subfield code="a">First edition</subfield>
  </datafield>
  <datafield tag="260" ind1=" " ind2=" ">
    <subfield code="a">Manila, Philippines :</subfield>
    <subfield code="b">Rex Book Store,</subfield>
    <subfield code="c">c2020.</subfield>
  </datafield>
  <datafield tag="264" ind1=" " ind2=" ">
    <subfield code="4">2020</subfield>
  </datafield>
  <datafield tag="300" ind1=" " ind2=" ">
    <subfield code="a">vi, 165 pages :</subfield>
    <subfield code="b">illustrations, photogs ;</subfield>
    <subfield code="c">25 cm</subfield>
    <subfield code="3">books</subfield>
    <subfield code="f">pages</subfield>
  </datafield>
  <datafield tag="336" ind1=" " ind2=" ">
    <subfield code="2">rdacontent</subfield>
    <subfield code="a">text</subfield>
  </datafield>
  <datafield tag="337" ind1=" " ind2=" ">
    <subfield code="2">rdamedia</subfield>
    <subfield code="a">unmediated</subfield>
    <subfield code="b">n</subfield>
  </datafield>
  <datafield tag="338" ind1=" " ind2=" ">
    <subfield code="2">rdacarrier</subfield>
    <subfield code="a">volume</subfield>
    <subfield code="3">paper</subfield>
    <subfield code="b">nc</subfield>
  </datafield>
  <datafield tag="490" ind1=" " ind2=" ">
    <subfield code="a">HRM-Tourism series</subfield>
  </datafield>
  <datafield tag="500" ind1=" " ind2=" ">
    <subfield code="a">OBE : Outcome-Based Education -- Front cover</subfield>
  </datafield>
  <datafield tag="504" ind1=" " ind2=" ">
    <subfield code="a">Includes bibliographical references and index.</subfield>
  </datafield>
  <datafield tag="505" ind1=" " ind2=" ">
    <subfield code="a">Chapter 1 : Introduction to quality service management in tourism and hospitality. -- Chapter 2 : Guestology. -- Chapter 3: Strategies for quality service in tourism and hospitality. -- Chapter 4 : The guest and the service setting. -- Chapter 5 : Service staffing in tourism and hospitality industry. -- Chapter 6 : Designing and managing service. -- Chapter 7 : Balancing demand and productive capacity for quality service. -- Chapter 8 : Co-creation of quality service. -- Chapter 9 : Service failures and service recovery. -- Chapter 10 : Service excellence and leadership.</subfield>
  </datafield>
  <datafield tag="520" ind1=" " ind2=" ">
    <subfield code="a">"This textbook enables the readers to recognize and assess quality management and service management processes in a hospitality and tourism-related organization. Topics include service design, service quality, service recovery, and service failure among others."--Back cover
</subfield>
  </datafield>
  <datafield tag="650" ind1=" " ind2="0">
    <subfield code="a">Hospitality industry</subfield>
    <subfield code="9">1812</subfield>
    <subfield code="x">Management</subfield>
  </datafield>
  <datafield tag="650" ind1=" " ind2="0">
    <subfield code="a">Tourism</subfield>
    <subfield code="9">1810</subfield>
  </datafield>
  <datafield tag="650" ind1=" " ind2="0">
    <subfield code="a">Service industries</subfield>
    <subfield code="9">1363</subfield>
    <subfield code="x">Management</subfield>
  </datafield>
  <datafield tag="658" ind1=" " ind2=" ">
    <subfield code="b">Quality Service Management in Tourism and Hospitality</subfield>
    <subfield code="c">HOSM 202</subfield>
  </datafield>
  <datafield tag="700" ind1=" " ind2=" ">
    <subfield code="a">Manzano, Ronald G.</subfield>
    <subfield code="9">33625</subfield>
    <subfield code="e">author</subfield>
  </datafield>
  <datafield tag="856" ind1=" " ind2=" ">
    <subfield code="u">https://drive.google.com/file/d/1q4Gy3saqtS7CJCoHIc0X7kFijeIOawVa/view?usp=sharing</subfield>
    <subfield code="y">Click here to view the table of contents</subfield>
  </datafield>
  <datafield tag="942" ind1=" " ind2=" ">
    <subfield code="2">lcc</subfield>
    <subfield code="c">BK</subfield>
    <subfield code="e">First edition</subfield>
    <subfield code="h">TX 911.3 .M27</subfield>
    <subfield code="i">.2020 C67</subfield>
    <subfield code="k">(CHM)</subfield>
    <subfield code="n">0</subfield>
  </datafield>
  <datafield tag="999" ind1=" " ind2=" ">
    <subfield code="c">4996</subfield>
    <subfield code="d">4996</subfield>
  </datafield>
  <datafield tag="952" ind1=" " ind2=" ">
    <subfield code="u">https://drive.google.com/file/d/1q4Gy3saqtS7CJCoHIc0X7kFijeIOawVa/view?usp=sharing</subfield>
    <subfield code="0">0</subfield>
    <subfield code="1">0</subfield>
    <subfield code="2">lcc</subfield>
    <subfield code="4">0</subfield>
    <subfield code="7">7</subfield>
    <subfield code="8">NFIC</subfield>
    <subfield code="a">FOUNDATION</subfield>
    <subfield code="b">FOUNDATION</subfield>
    <subfield code="c">MAIN-CHM</subfield>
    <subfield code="d">2025-09-23</subfield>
    <subfield code="e">Purchase</subfield>
    <subfield code="l">1</subfield>
    <subfield code="m">4</subfield>
    <subfield code="o">(CHM) TX 911.3 .M27 .2020 C67</subfield>
    <subfield code="p">0252025003036</subfield>
    <subfield code="q">2026-06-13</subfield>
    <subfield code="r">2026-01-19 08:29:00</subfield>
    <subfield code="s">2026-01-19</subfield>
    <subfield code="w">2025-09-23</subfield>
    <subfield code="y">BK</subfield>
    <subfield code="k">CHM-2025036</subfield>
  </datafield>
  <datafield tag="952" ind1=" " ind2=" ">
    <subfield code="u">https://drive.google.com/file/d/1q4Gy3saqtS7CJCoHIc0X7kFijeIOawVa/view?usp=sharing</subfield>
    <subfield code="0">0</subfield>
    <subfield code="1">0</subfield>
    <subfield code="2">lcc</subfield>
    <subfield code="4">0</subfield>
    <subfield code="7">4</subfield>
    <subfield code="8">NFIC</subfield>
    <subfield code="a">FOUNDATION</subfield>
    <subfield code="b">FOUNDATION</subfield>
    <subfield code="c">MAIN-CHM</subfield>
    <subfield code="d">2026-05-06</subfield>
    <subfield code="e">Library Budget</subfield>
    <subfield code="l">0</subfield>
    <subfield code="o">(CHM-HosMgt) TX 911.3 .M27 .2020 C67 c.2</subfield>
    <subfield code="p">0252026003058</subfield>
    <subfield code="r">2026-05-06 14:22:09</subfield>
    <subfield code="w">2026-05-06</subfield>
    <subfield code="y">BK</subfield>
    <subfield code="k">CHM-HosMgt-2026058</subfield>
  </datafield>
  <datafield tag="952" ind1=" " ind2=" ">
    <subfield code="u">https://drive.google.com/file/d/1q4Gy3saqtS7CJCoHIc0X7kFijeIOawVa/view?usp=sharing</subfield>
    <subfield code="0">0</subfield>
    <subfield code="1">0</subfield>
    <subfield code="2">lcc</subfield>
    <subfield code="4">0</subfield>
    <subfield code="7">0</subfield>
    <subfield code="8">NFIC</subfield>
    <subfield code="a">FOUNDATION</subfield>
    <subfield code="b">FOUNDATION</subfield>
    <subfield code="c">MAIN-CHM</subfield>
    <subfield code="d">2026-05-06</subfield>
    <subfield code="e">Library Budget</subfield>
    <subfield code="l">0</subfield>
    <subfield code="o">(CHM-HosMgt) TX 911.3 .M27 .2020 C67 c.3</subfield>
    <subfield code="p">0252026003059</subfield>
    <subfield code="r">2026-05-06 14:23:54</subfield>
    <subfield code="w">2026-05-06</subfield>
    <subfield code="y">BK</subfield>
    <subfield code="k">CHM-HosMgt-2026059</subfield>
  </datafield>
</record>
